000 00284nam a2200109Ia 4500
008 200302s9999 xx 000 0 und d
100 _aRangwala
245 _aEngineering Materials (Material Science) 13th ed.
260 _bCharotar Publishing House
260 _c2003
300 _a539 P.,
999 _c1992
_d1992